000
00344 a2200157 4500
001
74587
020
_a
978140507616-6
040
_c
Anchieta - Colégio São Paulo
100
_a
Bell, Florence
240
1
0
_a
Jane Eyre
_l
por
245
1
0
_a
Jane Eyre
300
_a
71
362
0
_a
2011
650
4
_a
Literatura juvenil em inglês
942
_c
BK
999
_c
74587
_d
74587